000 01214nam a2200229Ii 4500
003 JO-AjNU
008 230605s9999||||xx |||||||||||||| ||und||
017 _a2010/5/1548
020 _a978-9957-16- 628- 1
040 _aJO-AjNU
_bara
_erda
_cJO-AjNU
041 _aara
050 1 4 _aK5210.S26 2015
100 3 _aالحيط، عادل عزام سقف,
_eauthor
_959527
245 0 0 _aجرائم الذم والقدح والتحقير المرتكبة عبر الوسائط الالكترونية: شبكة الانترنت وشبكة الهواتف النقالة وعبر الوسائط التقليدية والآلية والمطبوعات: دراسة قانونية مقارنة
250 _aط2
264 3 1 _aعمان: دار الثقافة للنشر والتوزيع، 2015
300 _a624ص
_bيحتوي على ملحق من ص 449- 598 ويحتوي على مراجع من ص601ص- 624 يحتوي على مجموعة من الرسائل الجامعية
336 _atext
_btxt
_2rdacontent
337 _aunmediated
_bn
_2rdamedia
338 _avolume
_bnc
_2rdacarrier
650 4 _aالجرائم ضد الأفراد - التحقير- الجرائم الحاسوبية- الحواسيب
_959528
999 _aA26792
_c30360
_d30360